| 000 | 00593cam a22002053a 4500 | ||
|---|---|---|---|
| 001 | 45835 | ||
| 003 | PGUSA | ||
| 005 | 20140828084050.0 | ||
| 008 | 140530s2014||||xxu|||||s|||||000 | eng d | ||
| 040 |
_aPGUSA _beng |
||
| 042 | _adc | ||
| 100 | 1 |
_aBlasco Ibáñez, Vicente, _d1867-1928 |
|
| 245 | 1 | 0 |
_aLa araña negra, t. 7/9 _h[electronic resource] / _cVicente Blasco Ibáñez |
| 260 |
_bProject Gutenberg, _c2014 |
||
| 506 | _aPublic domain in the USA. | ||
| 516 | _aElectronic text | ||
| 830 | 0 |
_aProject Gutenberg _v45835 |
|
| 856 | 4 | 0 | _uhttp://www.gutenberg.org/ebooks/45835 |
| 942 | _cEB | ||
| 999 |
_c275085 _d275085 |
||